| 000 | 00365nam a2200157Ia 4500 | ||
|---|---|---|---|
| 003 | OSt | ||
| 005 | 20240130104312.0 | ||
| 008 | 170524s9999 xx 000 0 und d | ||
| 020 | _a9788121921916 | ||
| 040 | _ciimtu | ||
| 100 | _aMEHTA V. K. - MEHTA ROHIT | ||
| 245 | 0 | _aPRINCIPLES OF ELECTRICAL MACHINES | |
| 260 | _bS. Chand | ||
| 260 | _c2012 | ||
| 942 |
_2ddc _c02 |
||
| 999 |
_c6044 _d6044 |
||